Historia del trabajo social

Uloženo v:
Podrobná bibliografie
Hlavní autor: Torres Díaz, Jorge H (Autor)
Médium: Kniha
Jazyk:španělština
Vydáno: Buenos Aires Lumen 2006
Vydání:1a. ed
Témata:
Tagy: Přidat tag
Žádné tagy, Buďte první, kdo vytvoří štítek k tomuto záznamu!

MARC

LEADER 00000nam a2200000 a 4500
001 UCJ0667
003 CL-VaPUC
008 060825e20060000AG |||||||||||||||||spa|d
020 |a 9870005624 
082 0 4 |a 361.001  |b TOR  |2 21 
100 0 |a Torres Díaz, Jorge H  |e author  |9 500909 
245 1 0 |a Historia del trabajo social 
250 |a 1a. ed 
300 |a 271 p 
942 |c BK 
945 |d 20060825 00:00:00  |a jtorresc 
260 |a Buenos Aires  |b Lumen  |c 2006 
650 0 |a Trabajo social   |9 307856 
650 0 |a Asistencia social   |9 351613 
650 0 |a Acción social  |9 307836 
651 0 |a América Latina   |9 255027 
583 |a last modification  |c 20140408 10:34:36  |k Rodrigo Vera 
999 |c 317431  |d 317429 
952 |0 0  |1 0  |4 0  |6 361_001000000000000_TOR_2006  |7 0  |8 R  |9 393791  |a BIBGIM  |b BIBGIM  |d 2019-11-22  |i 4266862  |o 361.001 TOR 2006  |p 4266862  |r 2025-01-15  |w 2019-11-22  |y BK_R  |k SSL 
952 |0 0  |1 0  |4 0  |6 361_001000000000000_TOR_2006  |7 0  |8 R  |9 393792  |a BIBGIM  |b BIBGIM  |d 2019-11-22  |i 4660064  |o 361.001 TOR 2006  |p 4660064  |r 2025-01-15  |w 2019-11-22  |y BK_R  |k SSL 
952 |0 0  |1 0  |4 0  |6 361_001000000000000_TOR_2006  |7 0  |8 R  |9 393793  |a BIBGIM  |b BIBGIM  |d 2019-11-22  |i 4745175  |o 361.001 TOR 2006  |p 4745175  |r 2025-01-15  |w 2019-11-22  |y BK_R  |k SSL 
952 |0 0  |1 0  |4 0  |6 361_001000000000000_TOR_2006  |7 0  |8 R  |9 393794  |a BIBGIM  |b BIBGIM  |d 2019-11-22  |i 4745183  |o 361.001 TOR 2006  |p 4745183  |r 2025-01-15  |w 2019-11-22  |y BK_R  |k SSL 
952 |0 0  |1 0  |4 0  |6 361_001000000000000_TOR_2006  |7 0  |8 R  |9 393795  |a BIBGIM  |b BIBGIM  |d 2019-11-22  |i 4745191  |o 361.001 TOR 2006  |p 4745191  |r 2025-01-15  |w 2019-11-22  |y BK_R  |k SSL 
952 |0 0  |1 0  |4 0  |6 361_001000000000000_TOR_2006  |7 0  |8 R  |9 393796  |a BIBGIM  |b BIBGIM  |d 2019-11-22  |i 4745205  |l 1  |o 361.001 TOR 2006  |p 4745205  |r 2021-11-15  |s 2020-08-03  |w 2019-11-22  |y BK_R  |k SSL 
952 |0 0  |1 0  |4 0  |6 361_001000000000000_TOR_2006  |7 0  |8 R  |9 393797  |a BIBGIM  |b BIBGIM  |d 2019-11-22  |i 4745213  |o 361.001 TOR 2006  |p 4745213  |r 2025-01-15  |w 2019-11-22  |y BK_R  |k SSL